Statistiken für Deutsche Streamer und YouTuber mit KI

Klicken Sie hier um das Quiz zu spielen!

Allgemein

  • Dieses Quiz wurde 2.014 mal gespielt
  • Das Durchschnittsergebnis liegt bei 10 aus 30

Antwortstatistiken

Antwort% Korrekt
Rezo
90%
AnniTheDuck
76%
Julien Bam
76%
Knossi
67%
Sturmwaffel
63%
Gnu
58%
Zombey
57%
HoneyPuu
56%
Mexify
53%
Stegi
53%
HandOfBlood
51%
BastiGHG
35%
Vlesk
32%
MontanaBlack88
31%
Ungespielt
30%
Paluten
28%
Papaplatte
26%
CrunchyCupcake
19%
Baso
18%
BehaartMitBart
17%
Lumenti
16%
Rewinside
14%
Mahluna
13%
Mienah
12%
Mowky
11%
Dhalucard
10%
Coldmirror
9%
Bonjwa
8%
Timhorus
7%
Shorty
5%

Verteilung der Resultate

Perzentil nach korrekt beantworteten Fragen

Anzahl Personen mit jedem Resultat

Ihre Resultats-Entwicklung

Sie haben dieses Quiz noch nicht gespielt